000 00297nam a22001337a 4500
008 170505b xxu||||| |||| 00| 0 eng d
020 _a2900716787340
041 _aeng
080 _26TH
_a343.9
100 _a15
101 _aSHJ
245 _aTHE CRIMINAL ELITE
_cCOLEMAN, J.W
942 _2udc
_cBK
999 _c12762
_d12762